The forgotten art of healing and other essays / (Record no. 31325)

MARC details
000 -LEADER
fixed length control field 01061cam a22002777a 4500
005 - DATE AND TIME OF LATEST TRANSACTION
control field 20091020105013.0
008 - FIXED-LENGTH DATA ELEMENTS--GENERAL INFORMATION
fixed length control field 091019s2009 ii af 000 0 eng d
010 ## - LCCN (DPL NO)
LC control number ENG-95315
020 ## - INTERNATIONAL STANDARD BOOK NUMBER
International Standard Book Number 0198061749
Terms of availability 695.00
020 ## - INTERNATIONAL STANDARD BOOK NUMBER
International Standard Book Number 9780198061748
Terms of availability 695.00
035 ## - SYSTEM CONTROL NUMBER
System control number EN-78848
037 ## - SOURCE OF ACQUISITION
Stock number DBAD/PUB
082 ## - DEWEY DECIMAL CLASSIFICATION NUMBER
Classification number 610.9
Edition number 22
100 ## - MAIN ENTRY--PERSONAL NAME
Personal name Udwadia, Farokh Erach.
245 ## - TITLE STATEMENT
Title The forgotten art of healing and other essays /
Statement of responsibility, etc by Farokh Erach Udwadia.
260 ## - PUBLICATION, DISTRIBUTION, ETC. (IMPRINT)
Place of publication, distribution, etc New Delhi :
Name of publisher, distributor, etc Oxford University Press,
Date of publication, distribution, etc 2009.
300 ## - PHYSICAL DESCRIPTION
Extent x, 184 p., [4] p. of plates :
Other physical details ill. (some col.) ;
Dimensions 24 cm.
650 ## - SUBJECT ADDED ENTRY--TOPICAL TERM
Topical term or geographic name as entry element Medicine
General subdivision Philosophy.
650 ## - SUBJECT ADDED ENTRY--TOPICAL TERM
Topical term or geographic name as entry element Physician and patient.
650 ## - SUBJECT ADDED ENTRY--TOPICAL TERM
Topical term or geographic name as entry element Medical ethics.
650 ## - SUBJECT ADDED ENTRY--TOPICAL TERM
Topical term or geographic name as entry element Medicine
General subdivision History.
856 ## - ELECTRONIC LOCATION AND ACCESS
Uniform Resource Identifier <a href="http://www.loc.gov/catdir/enhancements/fy1001/2009517047-d.html">http://www.loc.gov/catdir/enhancements/fy1001/2009517047-d.html</a>
942 ## - ADDED ENTRY ELEMENTS (KOHA)
Source of classification or shelving scheme Dewey Decimal Classification
Item type English Books
Call number suffix UDW
Holdings
Withdrawn status Lost status Source of classification or shelving scheme Damaged status Not for loan Collection code Home library Current library Date acquired Source of acquisition Cost, normal purchase price Total Checkouts Full call number Barcode Date last seen Copy number Cost, replacement price Koha item type
    Dewey Decimal Classification   Not For Loan Non-fiction D.B.Act.Division D.B.Act.Division 04/11/2009 DBAD / PUB 695.00   UDW EN-78848 04/11/2009 1 695.00 English Books

© Delhi Public Library
Hit Counter
free hit counter